| 000 | 00908cab a2200289 4500 | ||
|---|---|---|---|
| 001 | ABS58832 | ||
| 008 | 090401t1998 xxu||||| |||| 00| 0 eng d | ||
| 035 | _a(Sirsi) u87079 | ||
| 041 | _aeng | ||
| 100 | _aAkenhead, R. | ||
| 245 | _aCrouch end | ||
| 260 | _c1998 | ||
| 350 | _a0 | ||
| 490 |
_aBuilding _v(24) 12 June 1998, 41(1) |
||
| 520 | _aReports on the case of "Beaufort Developments v Gilbert Ash" concerning the resolution of construction disputes. | ||
| 650 | _aARBITRATION ACT 1996 | ||
| 650 | _aBEAUFORT DEVELOPMENTS V GILBERT ASH | ||
| 650 | _aCONSTRUCTION DISPUTES | ||
| 650 | _aCONTRACT CLAIMS | ||
| 650 | _aCONTRACTOR | ||
| 650 | _aEMPLOYER | ||
| 650 | _aNORTHERN REGIONAL HEALTH AUTHORITY V DEREK CROUCH CONSTRUCTION | ||
| 650 | _aUNIVERSITY OF READING V MILLER CONSTRUCTION | ||
| 690 | _aBUILT ENVIRONMENT-BUILDING CONTRACT FORMS | ||
| 942 | _n0 | ||
| 948 | _c29/06/1998 | ||
| 999 |
_c54874 _d54874 |
||